|
|
|
|
| LEADER |
00000nab a2200000 a 4500 |
| 001 |
vtls010533950 |
| 003 |
SK-MaSNL |
| 005 |
20260305002407.0 |
| 008 |
130809c2012 xo r m 100 a0slo |
| 015 |
|
|
|a SNBRA2013/08SVKPO
|
| 038 |
|
|
|a SVKPO
|
| 040 |
|
|
|a SVKPOCL
|b slo
|c SVKPOCL
|e AACR2
|
| 041 |
0 |
|
|a slo
|b eng
|
| 044 |
|
|
|a xo
|c SK
|
| 080 |
|
|
|a 80(=16)+908(4)
|2 2001
|
| 080 |
|
|
|a 81'373.2
|2 2001
|
| 080 |
|
|
|a 81'1
|2 2001
|
| 080 |
|
|
|a 811.162.4
|2 2001
|
| 080 |
|
|
|a 81`367.622.12
|2 2001
|
| 080 |
|
|
|a (048.8)
|2 2001
|
| 100 |
1 |
|
|a Majtán, Milan,
|d 1934-2018
|4 aut
|9 101907
|
| 245 |
1 |
0 |
|a Pragmatonymá sú vlastné mená
|c Milan Majtán
|
| 504 |
|
|
|a Bibliogr. odkazy
|
| 546 |
|
|
|a Res. angl.
|
| 650 |
0 |
7 |
|a slavistika
|2 svkpocl
|9 4282
|
| 650 |
0 |
7 |
|a lingvistika
|2 svkpocl
|9 860
|
| 650 |
0 |
7 |
|a onomastika
|2 svkpocl
|9 23494
|
| 650 |
0 |
7 |
|a slovenčina
|2 svkpocl
|9 1350
|
| 650 |
0 |
7 |
|a vlastné podstatné mená
|2 svkpocl
|9 23566
|
| 650 |
0 |
7 |
|a pragmatizmus
|2 svkpocl
|9 16120
|
| 655 |
|
7 |
|a štúdie
|2 svkpocl
|9 57033
|
| 773 |
0 |
|
|t Jednotlivé a všeobecné v onomastike : 18. slovenská onomastická konferencia /d Prešov : Filozofická fakulta Prešovskej univerzity, 2012
|g S.274-279
|z 9788055505763
|
| 852 |
|
|
|a SVKPO
|b KIS3GCP
|
| 958 |
|
|
|a SK
|
| 958 |
|
|
|a SS
|
| 958 |
|
|
|a NB
|
| 999 |
|
|
|c 3225317
|d 3227247
|